Países por Pistas #2 - Estadísticas

Estadísticas generales
  • Esta prueba ha sido intentada 4.064 veces
  • La puntuación promedio es 15 de 22
Estadísticas de respuestas
Pistas País % Correcto
Gran Muralla, Mao Zedong, Fuegos artificiales China
100%
Crepes, Boinas, Notre Dame Francia
99%
Samba, Carnaval, Pelé Brasil
90%
Gimnasia, Vampiros, Ceausescu Rumania
85%
Himalaya, Sherpas, Katmandú Nepal
83%
Petróleo, La Meca, beduinos Arabia Saudita
82%
Ayatolá, Persia, Teherán Irán
82%
Neutralidad, Relojes, Bancos Suiza
80%
Otomanos, Santa Sofía, kurdos Turquía
79%
Comunista, Camagüey, Bahía de Cochinos Cuba
77%
Van Damme, Flandes, Cerveza Trapense Bélgica
73%
Samsung, Incheon, DMZ Corea del Sur
71%
Trujillo, La Española, Béisbol República Dominicana
62%
Outback, Boomerang, Billabong Australia
61%
Kandahar, Talibán, Paso de Khyber Afganistán
58%
Tết, Phở, Sombreros cónicos Vietnam
54%
Saunas, Nokia, Jean Sibelius Finlandia
52%
Cuerno de África, francófono, Capital = Nombre del país Yibuti
47%
Jutlandia, Hamlet, Jardines de Tivoli Dinamarca
44%
Igbo, Abuya, Industria petrolera Nigeria
44%
Gulash, Magyar, Lago Balaton Hungría
42%
Declaración Balfour, Kibbutz, Knesset Israel
30%
No se encontraron pruebas coincidentes
Distribución de puntuación
Porcentaje de gente con cada puntuación
Porcentaje por número respondido
Historial de tus puntuaciones
No has intentado esta prueba.